Hóa học hữu cơ

Đã lưu trong:
Sonraí Bibleagrafaíochta
Príomhúdar: HOÀNG TRỌNG YÊM
Formáid: Leabhar
Teanga:Undetermined
Foilsithe: Hà Nội KHKT 2001
Ábhair:
Clibeanna: Cuir Clib Leis
Gan Chlibeanna, Bí ar an gcéad duine leis an taifead seo a chlibeáil!
Thư viện lưu trữ: Trung tâm Học liệu Trường Đại học Cần Thơ
LEADER 00476nam a2200169Ia 4500
001 CTU_46531
008 210402s9999 xx 000 0 und d
082 |a 547 
082 |b Y253/T4 
100 |a HOÀNG TRỌNG YÊM 
245 0 |a Hóa học hữu cơ 
245 0 |c HOÀNG TRỌNG YÊM, Dương Văn Tuệ 
260 |a Hà Nội 
260 |b KHKT 
260 |c 2001 
650 |a chemistry, organic 
980 |a Trung tâm Học liệu Trường Đại học Cần Thơ